| 000 | 00501nam a2200205Ia 4500 | ||
|---|---|---|---|
| 003 | OSt | ||
| 005 | 20140311163112.0 | ||
| 008 | 140130s9999 xx 000 0 und d | ||
| 020 | _a0439692598 | ||
| 050 |
_aPZ 7 _b.G172 2004 |
||
| 100 |
_aGallogly, Ruth _923470 |
||
| 245 |
_aYummy boy / _cGallogly, Ruth |
||
| 260 |
_bScholastic, _c2004. _aNew York : |
||
| 300 |
_a24 p. : _bill. ; _c18 cm. |
||
| 440 |
_v1 _930904 |
||
| 521 | _aG3 | ||
| 526 | _c510 | ||
| 942 |
_cBK-SCHOLAS _2lcc |
||
| 999 |
_c40576 _d40576 |
||